| 000 | 01246cam a22002533a 4500 | ||
|---|---|---|---|
| 001 | 108 | ||
| 003 | PGUSA | ||
| 005 | 20140828082944.0 | ||
| 008 | 060308s2006||||xxu|||||s|||||000 1 eng d | ||
| 040 |
_aPGUSA _beng |
||
| 042 | _adc | ||
| 050 | 4 | _aPR | |
| 100 | 1 |
_aDoyle, Arthur Conan, _d1859-1930 |
|
| 245 | 1 | 4 |
_aThe Return of Sherlock Holmes _h[electronic resource] / _cArthur Conan Doyle |
| 260 |
_bProject Gutenberg, _c2006 |
||
| 505 | 0 | _aThe adventure of the empty house -- The adventure of the Norwood builder -- The adventure of the dancing men -- The adventure of the solitary cyclist -- The adventure of the priory school -- The adventure of Black Peter -- The adventure of Charles Augustus Milverton -- The adventure of the six Napoleons -- The adventure of the three students -- The adventure of the golden pince-nez -- The adventure of the missing three-quarter -- The adventure of the Abbey Grange -- The adventure of the second stain. | |
| 506 | _aPublic domain in the USA. | ||
| 516 | _aElectronic text | ||
| 653 | _aHolmes, Sherlock (Fictitious character) -- Fiction | ||
| 653 | _aDetective and mystery stories, English | ||
| 830 | 0 |
_aProject Gutenberg _v108 |
|
| 856 | 4 | 0 | _uhttp://www.gutenberg.org/ebooks/108 |
| 942 | _cEB | ||
| 999 |
_c229479 _d229479 |
||